00345nam a2200121Ia 4500008004100000041001200041082001700053100001800070245006100088260003300149300001200182650002900194231217s9999 xx 000 0 und d aEnglish a658.406 CHA aChampy, James 0aReengineering management: The mandate for new leadership c1995bHarper collins, London axii+212 aReengineering Leadership